00262nam a22000977a 4500008004100000041000800041080001000049100000600059101001100065245008800076180604b xxu||||| |||| 00| 0 eng d aeng a043.3 a0 aMBE-BA aQeverisja e Korporatave si Mekanizem per Nxitjen e Zhvillimit EkonomikcShllaku, Sh